000 00288nam a22001337a 4500
008 210303b ||||| |||| 00| 0 eng d
020 _a9780205973132
041 _aeng
080 _23th
_a316
100 _a50
101 _aSOC
245 _aThe Humanities
_cSayre,M.H
942 _2udc
_cBK
999 _c55666
_d55666